000 00316nam a22001337a 4500
008 171025b xxu||||| |||| 00| 0 eng d
020 _a9780716796572
041 _aeng
080 _24TH
_a331
100 _a55
101 _aSTA
245 _aINTRODUCTION TO THE PRACTICE OF STATISTICS
_cMOORE,D.S
942 _2udc
_cBK
999 _c35945
_d35945